Production Technology (Record no. 18440)

MARC details
000 -LEADER
fixed length control field 00428nam a22001817a 4500
005 - DATE AND TIME OF LATEST TRANSACTION
control field 20230530120003.0
008 - FIXED-LENGTH DATA ELEMENTS--GENERAL INFORMATION
fixed length control field 230524b |||||||| |||| 00| 0 eng d
020 ## - INTERNATIONAL STANDARD BOOK NUMBER
ISBN 9780070964433
082 ## - DEWEY DECIMAL CLASSIFICATION NUMBER
Classification number 671
Item number RAO-P
100 ## - MAIN ENTRY--AUTHOR
Author Name Rao;Prabhakar
245 ## - TITLE STATEMENT
Title Production Technology
260 ## - PUBLICATION, DISTRIBUTION, ETC.
Place of Publication India
Name of publisher, distributor, etc. McGraw Hill
Date of publication, distribution, etc. 2013
300 ## - PHYSICAL DESCRIPTION
Pages 870
500 ## - GENERAL NOTE
General note Index given
650 ## - SUBJECT ADDED ENTRY--TOPICAL TERM
Subject / Department Engineering
700 ## - ADDED ENTRY--PERSONAL NAME
Personal name Prabhalar;Rao
952 ## - LOCATION AND ITEM INFORMATION (KOHA)
-- 0
-- 0
952 ## - LOCATION AND ITEM INFORMATION (KOHA)
-- 0
-- 0
Holdings
Lost status Damaged status Permanent Location Current Location Shelving Location Date acquired Full Call Number Accession No./Barcode Date last seen Copy number item type
    Superior Information Resource Center (SIRC) Superior University- Central Library Superior Information Resource Center (SIRC) Superior University- Central Library Engineering 05/24/2023 671 RAO-P 2013 15661 05/24/2023 1 BOOK
    Superior Information Resource Center (SIRC) Superior University- Central Library Superior Information Resource Center (SIRC) Superior University- Central Library Engineering 05/24/2023 671 RAO-P 2013 15662 05/24/2023 2 BOOK

Powered by Koha